Представление документа в формате MARC21

Поле Инд. ПП Название Значение
Тип записи a
Библиографический уровень m
001 Контрольный номер RU/IS/BASE/467470272
005 Дата корректировки 20141217092643.5
040 a Служба первич. каталог. НБ ТвГУ
b Код языка каталог. rus
e Правила каталог. PSBO
041 0_ a Код языка текста rus
080 a Индекс УДК 531/534(075.8)
084 a Индекс другой классификации/Индекс ББК В25я73-1
090 a Полочн. индекс В25
x Авторский знак С 28
100 1_ a Автор Седов Леонид Иванович
q Полное имя Седов Л. И.
245 10 a Заглавие Механика сплошной среды
b Продолж. заглавия учебник для студентов университетов и втузов
n Номер части/ раздела Т. 2
250 a Основные сведения об издании Изд. 3-е, испр. и доп.
260 a Место издания Москва
b Издательство Наука
c Дата издания 1976
300 a Объем 573 с.
b Иллюстрации/ тип воспроизводства ил.
504 a Библиография Библиогр.: с. 562-564
504 a Библиография Предм. указ.: с. 565-573
520 a Аннотация Второй том посвящен конкретным моделям и теориям в гидродинамике, газовой динамике, теории упругости, теории пластичности и теории трещин. Основные идеи курса связаны с современными проблемами научно-теоретического познания природы и технического прогресса, в частности, в авиации, ракетной и морской технике, астрофизике и т.д.
653 a Ключевые слова Гидродинамика
a Ключевые слова Механика сплошных сред
a Ключевые слова Сплошные среды
a Ключевые слова Теория пластичности
a Ключевые слова Теория упругости
a Ключевые слова Учебники для вузов
901 t Тип документа m
920 a Оператор Семен
a Оператор Суха
a Оператор Густ
a Оператор Стро
930 a Новая/Ретро новая
952 c Вид литературы К ру
954 a Дата поступления на обработку 20141212
c Дата окончания ОНО 20141217
b Дата поступления в ОК 20141024